Karyalayi hindi : (Record no. 1430169)
[ view plain ]
| 000 -LEADER | |
|---|---|
| fixed length control field | 00654nam a2200193Ia 4500 |
| 005 - DATE AND TIME OF LATEST TRANSACTION | |
| control field | 20250820133934.0 |
| 008 - FIXED-LENGTH DATA ELEMENTS--GENERAL INFORMATION | |
| fixed length control field | 008 250516s9999 xx 000 0 hin d |
| 020 ## - INTERNATIONAL STANDARD BOOK NUMBER | |
| International Standard Book Number | 9788119996605 |
| 040 ## - CATALOGING SOURCE | |
| Language of cataloging | eng |
| Transcribing agency | SDCL |
| 041 ## - LANGUAGE CODE | |
| Language code of text/sound track or separate title | hin |
| Source of code | hin |
| 084 ## - COLON CLASSIFICATION NUMBER | |
| Classification number | P152 R4 |
| 100 ## - MAIN ENTRY--PERSONAL NAME | |
| Personal name | Ali, Mushtaq |
| 245 #0 - TITLE STATEMENT | |
| Title | Karyalayi hindi : |
| Remainder of title | Kampyootar anuprayog evam hindi anuvaad |
| 246 ## - VARYING FORM OF TITLE | |
| Title proper/short title | कार्यालयी हिंदी : |
| Remainder of title | कम्प्युटर अनुप्रयोग एवं हिंदी अनुवाद |
| 260 ## - PUBLICATION, DISTRIBUTION, ETC. | |
| Place of publication, distribution, etc. | New Delhi: |
| Name of publisher, distributor, etc. | Lokbharti Prakashan, |
| Date of publication, distribution, etc. | 2024. |
| 300 ## - PHYSICAL DESCRIPTION | |
| Extent | 408p. |
| 650 ## - SUBJECT ADDED ENTRY--TOPICAL TERM | |
| Topical term or geographic name entry element | Hindi |
| 942 ## - ADDED ENTRY ELEMENTS (KOHA) | |
| Koha item type | Textual |
| Source of classification or shelving scheme | Colon Classification (CC) |
| 100 ## - MAIN ENTRY--PERSONAL NAME | |
| -- | 818204 |
| 999 ## - | |
| -- | 1430169 |
| -- | 1430169 |
| Withdrawn status | Lost status | Source of classification or shelving scheme | Damaged status | Not for loan | Home library | Current library | Date acquired | Source of acquisition | Inventory number | Total checkouts | Full call number | Barcode | Date last seen | Date last checked out | Price effective from | Koha item type |
|---|---|---|---|---|---|---|---|---|---|---|---|---|---|---|---|---|
| Colon Classification (CC) | South Campus Library | South Campus Library | 2025-05-22 | Rajkamal Prakashan Pvt.Ltd. | BR/14881, 01/02/2025 | 1 | P152 R4 | SC1808806 | 2025-10-30 | 2025-10-16 | 2025-05-22 | Textual |
